Formel 1 - Gruppen #2 - Statistiken

Allgemein
  • Dieses Quiz wurde 207 mal gespielt
  • Das Durchschnittsergebnis liegt bei 20 aus 47
Antwortstatistiken
% Korrekt
Niki Lauda - 420.5
94%
Ferrari - 10 341
93%
Mercedes - 7 747.5
92%
Red Bull - 7 873
91%
Bruce McLaren (6J 00M)
90%
McLaren - 7 035.5
90%
Pirelli
89%
Williams - 3 654
78%
Abu Dhabi (VAE) - 4
76%
Interlagos (Brasilien) - 6
68%
Renault - 1 777
67%
Michelin
65%
Suzuka (Japan) - 12
59%
Jochen Rindt - 109
58%
Gerhard Berger - 385
55%
2008
51%
1994
50%
2007
49%
1984 (0.5 Punkte)
47%
Bridgestone
47%
Lotus - 2 074
45%
1976
43%
1961
38%
1964
38%
1981
38%
1958
36%
Kimi Räikkönen (5J 07M)
34%
Monza (Italien) - 11
34%
Alexander Wurz - 45
30%
Goodyear
26%
Christian Klien - 14
25%
Jack Brabham (5J 10M)
25%
Mexiko City (Mexiko) - 5
24%
Nürburgring (Deutschland) - 4
24%
Firestone
18%
Continental
16%
Dunlop
16%
Force India - 1 039
11%
Karl Wendlinger - 14
9%
Mario Andretti (5J 07M)
7%
Patrick Friesacher - 3
7%
Rubens Barrichello (4J 10M)
7%
Englebert
4%
Riccardo Patrese (6J 06M)
4%
Avon
3%
John Watson (4J 11M)
2%
Johnny Herbert (4J 00M)
1%
Keine übereinstimmenden Quizze gefunden
Verteilung der Resultate
Anzahl Personen mit jedem Resultat
Perzentil nach korrekt beantworteten Fragen
Ihre Resultats-Entwicklung
Sie haben dieses Quiz noch nicht gespielt